000 00819cam a2200193 i 4500
005 20251130101100.0
008 250721s2007 sy gr 000 0 ara d
082 1 4 _a212.8956.402
_bز
100 1 _aالزوبعي، عامر
_eمؤلف.
245 1 0 _aبنو إسرائيل بداية النهاية وحتمية التبار :
_bدراسة تحليلة لإفساد بني إسرائيل من خلال سورة الإسراء /
_cتأليف د.عامر الزوبعي ؛ تقديم الدكتور عماد الدين خليل.
250 _aالطبعة الاولى.
264 3 1 _aدمشق :
_bدار العصماء،
_c2007.
300 _a440 صفحة.
650 1 7 _aقصص القرآن.
650 1 7 _aتفسير القرآن.
650 1 7 _aاسراايل.
942 _2ddc
_cBK
999 _c110157
_d110157